Library Logo

Pioneer International University Library Catalogue

THE ROMANCE FACTOR/ (Record no. 9807)

MARC details
000 -LEADER
fixed length control field 00500nam a22001697a 4500
003 - CONTROL NUMBER IDENTIFIER
control field OSt
005 - DATE AND TIME OF LATEST TRANSACTION
control field 20251114083819.0
008 - FIXED-LENGTH DATA ELEMENTS--GENERAL INFORMATION
fixed length control field 251114b |||||||| |||| 00| 0 eng d
020 ## - INTERNATIONAL STANDARD BOOK NUMBER
International Standard Book Number 0060653604
040 ## - CATALOGING SOURCE
Transcribing agency HARPER & ROW ,PUBLISHERS
050 ## - LIBRARY OF CONGRESS CALL NUMBER
Classification number HQ 801 .M47 1982
Item number .M47 1982
245 ## - TITLE STATEMENT
Title THE ROMANCE FACTOR/
Statement of responsibility, etc. LOY, ALAN MCGINNIS
250 ## - EDITION STATEMENT
Edition statement 1ST EDITION
260 ## - PUBLICATION, DISTRIBUTION, ETC.
Place of publication, distribution, etc. SAN FRANCISCO:
Name of publisher, distributor, etc. HARPER & ROW PUBLISHER,
Date of publication, distribution, etc. 1982
300 ## - PHYSICAL DESCRIPTION
Extent vii,214 p,
Other physical details hardcover, ill, som col,
Dimensions 21.5 cm,
942 ## - ADDED ENTRY ELEMENTS (KOHA)
Source of classification or shelving scheme Library of Congress Classification
Koha item type Books
Suppress in OPAC No
Holdings
Withdrawn status Lost status Source of classification or shelving scheme Damaged status Not for loan Home library Current library Date acquired Total checkouts Barcode Date last seen Price effective from Koha item type
    Library of Congress Classification     PIU Library PIU Library 11/14/2025   PIUDL780 11/14/2025 11/14/2025 Books